<?xml version="1.0" encoding="UTF-8"?>
<record
    xmlns:xsi="http://www.w3.org/2001/XMLSchema-instance"
    xsi:schemaLocation="http://www.loc.gov/MARC21/slim http://www.loc.gov/standards/marcxml/schema/MARC21slim.xsd"
    xmlns="http://www.loc.gov/MARC21/slim">

  <leader>00664nam a22002057a 4500</leader>
  <controlfield tag="005">20250213115356.0</controlfield>
  <datafield tag="010" ind1=" " ind2=" ">
    <subfield code="a">ENG-143792</subfield>
  </datafield>
  <datafield tag="020" ind1=" " ind2=" ">
    <subfield code="c">260.00</subfield>
    <subfield code="a">9788198126122</subfield>
  </datafield>
  <datafield tag="035" ind1=" " ind2=" ">
    <subfield code="a">EN-127324</subfield>
  </datafield>
  <datafield tag="037" ind1=" " ind2=" ">
    <subfield code="b">DBAD</subfield>
  </datafield>
  <datafield tag="082" ind1=" " ind2=" ">
    <subfield code="a">230.35</subfield>
  </datafield>
  <datafield tag="100" ind1=" " ind2=" ">
    <subfield code="a">Ghooi, Charanjit</subfield>
    <subfield code="9">77545</subfield>
  </datafield>
  <datafield tag="245" ind1=" " ind2=" ">
    <subfield code="a">Human Values and Health/</subfield>
    <subfield code="c">by Charanjit Ghooi</subfield>
  </datafield>
  <datafield tag="250" ind1=" " ind2=" ">
    <subfield code="a">1</subfield>
  </datafield>
  <datafield tag="260" ind1=" " ind2=" ">
    <subfield code="a">A.P</subfield>
    <subfield code="b">Sri Sathya sai Sadhana Trust</subfield>
    <subfield code="c">2024</subfield>
  </datafield>
  <datafield tag="270" ind1=" " ind2=" ">
    <subfield code="b">A.P </subfield>
    <subfield code="a">Prasanthi Nilayam, Puttaparthi </subfield>
    <subfield code="e">515134</subfield>
    <subfield code="k">011-287375</subfield>
    <subfield code="l">287236</subfield>
  </datafield>
  <datafield tag="300" ind1=" " ind2=" ">
    <subfield code="a">356p.</subfield>
    <subfield code="c">22cm(pb)</subfield>
    <subfield code="b">Col. ill.</subfield>
  </datafield>
  <datafield tag="500" ind1=" " ind2=" ">
    <subfield code="a">Churned out of the Divine Discourses of Bhagawan Sri Sathya Sai Baba</subfield>
  </datafield>
  <datafield tag="942" ind1=" " ind2=" ">
    <subfield code="2">ddc</subfield>
    <subfield code="c">EN</subfield>
    <subfield code="h">230.35</subfield>
    <subfield code="m">GHO</subfield>
  </datafield>
  <datafield tag="999" ind1=" " ind2=" ">
    <subfield code="c">209026</subfield>
    <subfield code="d">209026</subfield>
  </datafield>
  <datafield tag="952" ind1=" " ind2=" ">
    <subfield code="0">0</subfield>
    <subfield code="1">0</subfield>
    <subfield code="4">0</subfield>
    <subfield code="7">0</subfield>
    <subfield code="8">NFIC</subfield>
    <subfield code="a">L</subfield>
    <subfield code="b">L</subfield>
    <subfield code="d">2025-02-13</subfield>
    <subfield code="e">Delivery of Books Act Division</subfield>
    <subfield code="g">260.00</subfield>
    <subfield code="l">0</subfield>
    <subfield code="o">230.35 GHO</subfield>
    <subfield code="p">EN-127324</subfield>
    <subfield code="r">2025-02-13 00:00:00</subfield>
    <subfield code="t">1</subfield>
    <subfield code="v">260.00</subfield>
    <subfield code="w">2025-02-13</subfield>
    <subfield code="y">EN</subfield>
  </datafield>
</record>
